000 00370nam a2200133Ia 4500
008 220216s9999 xx 000 0 und d
100 _aIpe C V
245 0 _aAdoption of improved planting materials in rubber smallholdings : An analysis
260 _bRubber Board Bulletin
_c1988
300 _a12-Sep
650 _aSmallholdings
700 _aHaridasan V
942 _cJS
999 _c53834
_d53834